000 01241nam a2200325 a 4500
001 000115776
003 CHAP
005 20220329144548.0
008 190704s2019 mx |sm |||||||spa d
010 _a112237
011 _a113209
040 _cCHAP
090 _aTesis
100 1 _aVillegas Rodríguez, Carlos Enrique.
_9119770
245 1 3 _aLa pobreza multidimensional en las zonas rurales de México :
_h[En línea]
_bel bienestar más allá del ingreso /
_cpor Carlos Enrique Villegas Rodríguez.
260 _aChapingo, Méx. :
_bEl autor,
_c2019.
500 _aPara ver el contenido del material haga clic en la liga
502 _aTesis (Ph. D. en Problemas Económico Agroindustriales) -- UACH. CIESTAAM
590 _aE11695DGD
_b10
_c20190707
_lUCH01
_h1227
590 _aE5765TAJ
_b05
_c20190704
_lUCH01
_h1059
590 _aE5765TAJ
_b05
_c20190704
_lUCH01
_h1202
650 1 4 _aComunidades rurales
_xPolítica y gobierno.
_9132001
650 1 4 _aCostos y nivel de vida
_zMéxico.
_928549
650 1 4 _aDesarrollo económico
_zMéxico.
_9126104
650 1 4 _aPobreza
_xAspectos sociales.
_9135056
856 _aFinding aid
_uhttp://10.13.5.2/tesis/sist115776.pdf
_zTeclea aquí
901 _aBK
942 _cTESIS
942 _n0
999 _c112237
_d112237